00459nam a22001697a 4500003000900000005001700009008003700026020001500063040002200078082001500100100002900115245003900144260004700183300002900230490001500259830001500274DO-SdBNP20180226104232.0160721b 1992 ck a 00| 0 spa d a9590800130 aBPMSUbspacBPMSU 4axxxxbxxxx1 aAndersen, Hans Christian1 aCuentos /cHans Christian Andersen aCalí, Colombia : bGente Nueva , c1992. a92 p. : bil. ; c24 cm.1 aClásicos 0aClásicos